Contemporary auditing

Shranjeno v:
Bibliografske podrobnosti
Glavni avtor: Gupta, Kamal
Format: Knjiga
Jezik:Undetermined
Izdano: New delhi McGraw - Hill 2005
Teme:
Oznake: Označite
Brez oznak, prvi označite!
Thư viện lưu trữ: Trung tâm Học liệu Trường Đại học Cần Thơ
LEADER 00502nam a2200193Ia 4500
001 CTU_97196
008 210402s9999 xx 000 0 und d
082 |a 657.45 
082 |b G977 
100 |a Gupta, Kamal 
245 0 |a Contemporary auditing 
245 0 |c Kamal Gupta 
260 |a New delhi 
260 |b McGraw - Hill 
260 |c 2005 
650 |a Corporations,Auditing 
650 |x Auditing,Corrupt practices 
904 |i Truc 
980 |a Trung tâm Học liệu Trường Đại học Cần Thơ